Five Countries with Most Sikhs by Continent - Statistics

General Stats
  • This quiz has been taken 660 times
    416 since last reset
  • The average score is 17 of 25
Answer Stats
Continent Population Answer % Correct
Asia 22 m India
98%
North America 700,000 United States
96%
North America 454,000 Canada
94%
Europe 432,000 United Kingdom
93%
Oceania 126,000 Australia
90%
South America 300 Brazil
88%
Oceania 41,000 New Zealand
88%
North America 8,000 Mexico
87%
South America 300 Argentina
86%
Europe 15,000 Germany
82%
Oceania 2,600 Fiji
77%
Europe 70,000 Italy
77%
Asia 23,000 Bangladesh
73%
Asia 100,000 Malaysia
66%
Africa 33,000 Kenya
62%
Asia 70,000 Thailand
58%
Africa 3,000 Malawi/Niger/Zambia
57%
Africa 33,000 Tanzania
56%
Europe 12,000 Netherlands
53%
North America 300 Panama
49%
Africa 33,000 Uganda
49%
Europe 20,000 Greece
40%
North America 300 Trinidad and Tobago
39%
Africa 37,700 Mauritius
38%
Asia 50,000 Philippines
37%
No matching quizzes found
Score Distribution
Percent of People with Each Score
Percentile by Number Answered
Your Score History
You have not taken this quiz since the last reset